[Event "Kieler Open 2021"]
[Site "Kiel"]
[Date "2021.07.26"]
[Round "5.38"]
[White "Malinowsky, Celina"]
[Black "Tran, Minh Dat"]
[Result "0-1"]
[WhiteElo "1366"]
[BlackElo "1611"]
[Annotator "MB"]
[PlyCount "46"]
[EventDate "2021.??.??"]

1. e4 g6 2. Nf3 Bg7 3. Bc4 c6 4. Nc3 d5 5. exd5 b5 6. Bb3 b4 7. Ne2 cxd5 8. c3
bxc3 9. dxc3 Nf6 10. Bf4 O-O 11. Qc1 Nbd7 12. Ned4 e5 13. Nc6 Qc7 14. Ne7+ Kh8
15. Nxd5 Nxd5 16. Bxd5 exf4 17. Bxa8 Re8+ 18. Kd1 Nb6 19. Be4 Rxe4 20. Re1
Rxe1+ 21. Kxe1 Ba6 22. Kd1 Nc4 23. Qc2 Nxb2+ 0-1

[Event "Kieler Open 2021"]
[Site "Kiel"]
[Date "2021.07.26"]
[Round "5.39"]
[White "Weihrauch, Sebastian"]
[Black "Beerbaum, Philipp"]
[Result "1-0"]
[WhiteElo "1591"]
[BlackElo "1360"]
[Annotator "MB"]
[PlyCount "43"]
[EventDate "2021.??.??"]

1. e4 c5 2. Nf3 Nc6 3. d4 cxd4 4. Nxd4 Nf6 5. f3 e5 6. Nf5 d5 7. Ng3 Bc5 8. Bg5
Qb6 9. Qc1 Bf2+ 10. Kd1 O-O 11. Bxf6 gxf6 12. Qh6 Qe3 13. Qxe3 Bxe3 14. exd5
Ne7 15. c4 Rd8 16. Nc3 f5 17. Bd3 a6 18. Kc2 Bd7 19. a4 f6 20. b4 b6 21. a5
bxa5 22. Rxa5 1-0

[Event "Kieler Open 2021"]
[Site "Kiel"]
[Date "2021.07.26"]
[Round "5.41"]
[White "Wartenberg, Alexander"]
[Black "Wang, Kaiwen"]
[Result "1-0"]
[WhiteElo "1424"]
[BlackElo "1068"]
[Annotator "MB"]
[PlyCount "117"]
[EventDate "2021.??.??"]

1. e4 e5 2. Nf3 Nc6 3. d4 exd4 4. Nxd4 Nf6 5. Nc3 Bb4 6. Nxc6 bxc6 7. Bd3 d5 8.
exd5 cxd5 9. O-O O-O 10. Bg5 c6 11. Qf3 Re8 12. Bxf6 Qxf6 13. Qxf6 gxf6 14. a3
Bc5 15. Rfe1 Re6 16. Bf1 Rb8 17. Rxe6 fxe6 18. Na4 Bd4 19. Rb1 f5 20. b3 Bd7
21. Nb2 c5 22. Nd1 c4 23. Ne3 f4 24. Nd1 Ba4 25. c3 Bg7 26. Nb2 Bxb3 27. Nxc4
Bxc3 28. Bd3 a5 29. Nxa5 Bxa5 30. Bc2 d4 31. Bxb3 Kg7 32. Ba2 Rxb1+ 33. Bxb1 h6
34. Kf1 Kf6 35. Ke2 Ke5 36. Kd3 Be1 37. f3 h5 38. Kc4 h4 39. Be4 Bg3 40. h3 Be1
41. a4 Bd2 42. Kb5 Kd6 43. a5 Bxa5 44. Kxa5 Kc5 45. Bd3 e5 46. Ka4 e4 47. fxe4
Kd6 48. Kb5 Ke5 49. Kc5 f3 50. gxf3 Kf4 51. Kxd4 Kxf3 52. e5 Kg3 53. Bf5 Kf4
54. Bg4 Kg5 55. Kd5 Kg6 56. e6 Kg7 57. Kd6 Kf8 58. e7+ Ke8 59. Bh5# 1-0

[Event "Kieler Open 2021"]
[Site "Kiel"]
[Date "2021.07.26"]
[Round "5.42"]
[White "Peglau, Lorena"]
[Black "Möller, Rainer"]
[Result "1/2-1/2"]
[WhiteElo "1005"]
[BlackElo "1365"]
[Annotator "MB"]
[PlyCount "64"]
[EventDate "2021.??.??"]

1. d4 Nf6 2. c4 e6 3. Nc3 d5 4. cxd5 exd5 5. Bg5 c6 6. e4 dxe4 7. Nxe4 Bb4+ 8.
Nc3 O-O 9. Nf3 Re8+ 10. Be2 h6 11. Bh4 Nbd7 12. O-O Qc7 13. Re1 Ne4 14. Qd3 b6
15. Rac1 Bxc3 16. bxc3 Bb7 17. Bf1 c5 18. d5 Nd6 19. c4 Ba6 20. Qb3 Qb7 21. Bg3
Nf5 22. Bd3 Nxg3 23. hxg3 Nf6 24. Rxe8+ Rxe8 25. Re1 Rxe1+ 26. Nxe1 Qd7 27. Nf3
Qd6 28. Qc3 Ng4 29. Bf5 h5 30. Bxg4 hxg4 31. Nh2 f5 32. Nf1 Bc8 1/2-1/2

[Event "Kieler Open 2021"]
[Site "Kiel"]
[Date "2021.07.26"]
[Round "5.43"]
[White "Peglau, Paul David"]
[Black "Tran, Hanna Emilie Mai Hoa"]
[Result "1/2-1/2"]
[WhiteElo "1365"]
[BlackElo "984"]
[Annotator "MB"]
[PlyCount "102"]
[EventDate "2021.??.??"]

1. d4 g6 2. e4 Bg7 3. Nf3 d6 4. Be3 e5 5. dxe5 dxe5 6. Qxd8+ Kxd8 7. Nc3 f6 8.
O-O-O+ Nd7 9. Bc4 Bh6 10. Bxh6 Nxh6 11. Nd5 Ng4 12. Rhf1 c6 13. Nb4 Kc7 14. h3
Nh6 15. g4 g5 16. c3 Nc5 17. Nd2 Be6 18. f3 Nf7 19. Kc2 a5 20. Nd3 Bxc4 21.
Nxc4 Nxd3 22. Rxd3 b5 23. Ne3 Rad8 24. Rfd1 h5 25. Nf5 hxg4 26. hxg4 Rh2+ 27.
R1d2 Rxd3 28. Kxd3 Rxd2+ 29. Kxd2 Kb6 30. b4 axb4 31. cxb4 c5 32. bxc5+ Kxc5
33. Kc3 b4+ 34. Kb3 Kb5 35. Ne7 Nd8 36. Nc8 Kc5 37. Ne7 Ne6 38. Nd5 Nd4+ 39.
Kb2 Nxf3 40. Nxf6 Kc4 41. Kc2 Ne1+ 42. Kd2 Nf3+ 43. Kc2 Nd4+ 44. Kd2 Nb5 45.
Nh7 Nc3 46. Nxg5 Nxa2 47. Nf3 b3 48. Nxe5+ Kd4 49. Nd3 Kxe4 50. Nc5+ Kf4 51.
Nxb3 Kxg4 1/2-1/2

[Event "Kieler Open 2021"]
[Site "?"]
[Date "2021.07.27"]
[Round "6.1"]
[White "Buchholz, Sebastian"]
[Black "Browning, Alexander"]
[Result "1/2-1/2"]
[WhiteElo "2151"]
[BlackElo "2307"]
[Annotator "HAD"]
[PlyCount "102"]
[EventDate "2021.??.??"]

1. c4 Nf6 2. g3 g6 3. Bg2 Bg7 4. Nc3 O-O 5. e4 d6 6. Nge2 e5 7. O-O Nc6 8. d3
Nd4 9. h3 Nd7 10. Rb1 a5 11. a3 a4 12. Kh2 Nc5 13. Be3 f5 14. f3 c6 15. Bg1 Be6
16. f4 Qd7 17. Rc1 Ncb3 18. Rb1 Nxe2 19. Qxe2 Nd4 20. Qd1 fxe4 21. Bxd4 exd4
22. Nxe4 h6 23. Qd2 Rf5 24. Rfe1 Bf8 25. Qd1 d5 26. cxd5 cxd5 27. Nd2 Bd6 28.
Nf3 Rh5 29. Ng1 Rf8 30. Bf3 Rhf5 31. Bg4 R5f6 32. Bxe6+ Rxe6 33. Qf3 Bc5 34.
Qg4 Rff6 35. Nf3 h5 36. Ne5 Qe8 37. Qd1 Bd6 38. Nf3 Re3 39. Rxe3 Qxe3 40. Qf1
h4 41. Nxh4 Bxf4 42. gxf4 Rxf4 43. Qg1 Rf2+ 44. Ng2 Qe5+ 45. Kh1 Rf3 46. Qh2
Qf5 47. Kg1 Qxd3 48. Rc1 Rg3 49. Re1 Qf3 50. Rf1 Qe3+ 51. Kh1 Qd3 1/2-1/2

[Event "Kieler Open 2021"]
[Site "?"]
[Date "2021.07.27"]
[Round "6.2"]
[White "Arndt, Magnus"]
[Black "Mitscherling, Andreas"]
[Result "1-0"]
[WhiteElo "2338"]
[BlackElo "2185"]
[Annotator "HAD"]
[PlyCount "123"]
[EventDate "2021.??.??"]

1. d4 d5 2. Nf3 Nf6 3. c4 e6 4. g3 Bb4+ 5. Nbd2 c5 6. Bg2 Nc6 7. cxd5 exd5 8.
a3 Bxd2+ 9. Bxd2 c4 10. O-O O-O 11. Ne5 Re8 12. Bc3 Na5 13. Bxa5 Qxa5 14. b3
cxb3 15. Qxb3 Re7 16. Rfc1 Be6 17. Rc5 Qa6 18. Qc2 Qd6 19. Rc1 g6 20. Qb2 Nd7
21. Qxb7 Nb6 22. Qc6 Qxc6 23. Rxc6 f6 24. Nd3 Kg7 25. Nf4 Bf7 26. e3 g5 27. Nd3
Rb8 28. Rc7 Rb7 29. Rxe7 Rxe7 30. Rc5 Rd7 31. Nb4 Kf8 32. Kf1 Be6 33. Ra5 Kf7
34. Nc6 Nc8 35. Ke1 Ke8 36. Ra6 Rd6 37. Nb4 Rxa6 38. Nxa6 Nb6 39. Bf1 Ke7 40.
Kd2 Kd6 41. Nc5 Nd7 42. Nxe6 Kxe6 43. Bh3+ f5 44. g4 Nb6 45. gxf5+ Kf6 46. f3
h5 47. e4 g4 48. fxg4 hxg4 49. Bxg4 dxe4 50. Ke3 Nc4+ 51. Kxe4 Nxa3 52. h4 a5
53. Be2 Nc2 54. Bd1 Nb4 55. h5 Kg5 56. Ba4 Kxh5 57. Ke5 Nd3+ 58. Kf6 Nf4 59.
Bb3 Nd3 60. d5 Nc5 61. Bd1+ Kh6 62. Ke7 1-0

[Event "Kieler Open 2021"]
[Site "?"]
[Date "2021.07.27"]
[Round "6.3"]
[White "Teske, Henrik"]
[Black "Callsen, Niklas"]
[Result "0-1"]
[WhiteElo "2470"]
[BlackElo "2072"]
[Annotator "HAD"]
[PlyCount "66"]

1. Nf3 Nf6 2. c4 g6 3. Nc3 Bg7 4. e4 d6 5. d4 O-O 6. Be2 e5 7. Be3 exd4 8. Nxd4
Re8 9. Qc2 c6 10. O-O-O Na6 11. Rhe1 Nb4 12. Qd2 a5 13. f3 d5 14. cxd5 cxd5 15.
Ndb5 Be6 16. e5 Nd7 17. f4 Rc8 18. a3 Bf5 19. axb4 axb4 20. Bd3 Bg4 21. Kb1
bxc3 22. Nxc3 Bxd1 23. Rxd1 Nxe5 24. fxe5 d4 25. Bxg6 hxg6 26. Bxd4 Bxe5 27.
Qf2 Bxd4 28. Rxd4 Re1+ 29. Ka2 Ra8+ 30. Kb3 Qb6+ 31. Kc2 Raa1 32. Qd2 Rac1+ 33.
Kd3 Qb3 0-1

[Event "Kieler Open 2021"]
[Site "?"]
[Date "2021.07.27"]
[Round "6.4"]
[White "Gaerths, Ronny"]
[Black "Spitzl, Vinzent"]
[Result "0-1"]
[WhiteElo "2171"]
[BlackElo "2346"]
[Annotator "HAD"]
[PlyCount "100"]

1. d4 f5 2. Nc3 Nf6 3. Bg5 d5 4. e3 e6 5. Nf3 Be7 6. Bd3 Nbd7 7. Ne2 h6 8. Nf4
Nf8 9. Bxf6 Bxf6 10. Nh5 Bd7 11. Nxf6+ Qxf6 12. Ne5 O-O-O 13. f4 g5 14. Qd2 Ng6
15. Nxg6 Qxg6 16. O-O-O Kb8 17. g3 Rc8 18. Kb1 c5 19. dxc5 Rxc5 20. Qb4 Rhc8
21. Qd4 Ka8 22. a3 Qe8 23. Rc1 Qe7 24. Qe5 a6 25. Rhd1 Qf7 26. h4 gxh4 27. gxh4
Qe7 28. c4 Ba4 29. Re1 Bb3 30. cxd5 Ba2+ 31. Kxa2 Rxc1 32. Rxc1 Rxc1 33. d6 Qd7
34. Bb1 b5 35. Bd3 Rc6 36. Qh8+ Kb7 37. Qxh6 Rxd6 38. Qf6 a5 39. h5 a4 40. Bc2
Rd2 41. Kb1 Rh2 42. e4 Qc6 43. Qg7+ Ka6 44. Qc3 Qxc3 45. bxc3 Rxh5 46. exf5
exf5 47. Kb2 Kb6 48. c4 bxc4 49. Kc3 Kc5 50. Bb3 axb3 0-1

[Event "Kieler Open 2021"]
[Site "?"]
[Date "2021.07.27"]
[Round "6.5"]
[White "Dietz, Florian"]
[Black "Blietschau, Volker"]
[Result "1-0"]
[WhiteElo "2277"]
[BlackElo "2010"]
[Annotator "HAD"]
[PlyCount "45"]

1. e4 e5 2. Nf3 Nf6 3. Nxe5 d6 4. Nf3 Nxe4 5. d4 d5 6. Bd3 Be7 7. O-O O-O 8.
Nc3 Bf5 9. Re1 Nxc3 10. bxc3 Bxd3 11. cxd3 Nd7 12. Qb3 Nb6 13. c4 Rb8 14. c5
Nc8 15. Ne5 Qe8 16. Qxd5 c6 17. Qf3 Bf6 18. Bf4 Ne7 19. Rab1 b5 20. Ng4 Qd7 21.
Nxf6+ gxf6 22. Bxb8 Rxb8 23. Qg3+ 1-0

[Event "Kieler Open 2021"]
[Site "?"]
[Date "2021.07.27"]
[Round "6.6"]
[White "Farokhi, Keyvan"]
[Black "Weihrauch, Jakob"]
[Result "1-0"]
[WhiteElo "2045"]
[BlackElo "2137"]
[Annotator "HAD"]
[PlyCount "62"]

1. e4 c5 2. Nf3 d6 3. d4 cxd4 4. Nxd4 Nf6 5. Nc3 a6 6. Bg5 e6 7. f4 Be7 8. Qf3
Qc7 9. O-O-O Nbd7 10. Kb1 b5 11. a3 Bb7 12. g4 Qb6 13. Bg2 Nc5 14. Bxf6 Bxf6
15. g5 Be7 16. h4 b4 17. axb4 Qxb4 18. Na2 Qb6 19. Rhe1 Rb8 20. Nb3 O-O 21.
Nxc5 dxc5 22. Qc3 c4 23. h5 e5 24. h6 Rfe8 25. Bh3 gxh6 26. gxh6 Bf6 27. f5 Kh8
28. Rd7 Re7 29. Rxe7 Bxe4 30. Rd7 Qc6 31. Red1 Bd3 1-0

[Event "Kieler Open 2021"]
[Site "?"]
[Date "2021.07.27"]
[Round "6.7"]
[White "Helms, Finn"]
[Black "Dittmann, Hans-Adolf"]
[Result "0-1"]
[WhiteElo "1972"]
[BlackElo "2083"]
[Annotator "HAD"]
[PlyCount "86"]

1. e4 c5 2. Nf3 d6 3. d4 cxd4 4. Nxd4 Nf6 5. Nc3 a6 6. Be2 e5 7. Nb3 Be6 8. O-O
Nbd7 9. f4 Rc8 10. Be3 Be7 11. f5 Bc4 12. Kh1 O-O 13. Nd2 Bxe2 14. Qxe2 b5 15.
a3 Nb6 16. Bxb6 Qxb6 17. Rfd1 Qb7 18. Nf1 Rxc3 19. bxc3 Nxe4 20. Qf3 d5 21. Ng3
Nf6 22. Re1 e4 23. Qf4 h6 24. a4 Qc6 25. axb5 axb5 26. Ne2 Bd6 27. Qh4 Be5 28.
Ra3 Qc8 29. Rf1 b4 30. cxb4 Qxc2 31. Nf4 Qc4 32. Qe1 Bxf4 33. Rxf4 Rb8 34. h3
Qxb4 35. Qxb4 Rxb4 36. Ra8+ Kh7 37. Ra7 Rb1+ 38. Kh2 d4 39. Ra2 d3 40. Rd2 Re1
41. Kg3 Nh5+ 42. Kf2 e3+ 43. Kxe1 exd2+ 0-1

[Event "Kieler Open 2021"]
[Site "?"]
[Date "2021.07.27"]
[Round "6.8"]
[White "Popvasilev, Kaloyan"]
[Black "Malinowsky, Levi"]
[Result "1-0"]
[WhiteElo "2127"]
[BlackElo "1593"]
[Annotator "HAD"]
[PlyCount "55"]

1. e4 c5 2. Nf3 e6 3. g3 a6 4. Bg2 Nc6 5. O-O Be7 6. Qe2 d6 7. Rd1 Nf6 8. d4
cxd4 9. Nxd4 Qc7 10. c4 O-O 11. h3 Rb8 12. Be3 Ne5 13. b3 Ned7 14. Nc3 Rd8 15.
Rac1 h6 16. b4 Nf8 17. e5 Ne8 18. exd6 Bxd6 19. c5 Be5 20. f4 Bf6 21. Ne4 Be7
22. a4 Bd7 23. b5 Qa5 24. c6 bxc6 25. bxc6 Bc8 26. c7 Nxc7 27. Nc6 Rxd1+ 28.
Qxd1 1-0

[Event "Kieler Open 2021"]
[Site "?"]
[Date "2021.07.27"]
[Round "6.9"]
[White "Peglau, Dora"]
[Black "Bus, Tom"]
[Result "1-0"]
[WhiteElo "1906"]
[BlackElo "2108"]
[Annotator "HAD"]
[PlyCount "65"]

1. e4 c5 2. Nf3 d6 3. d4 cxd4 4. Nxd4 Nf6 5. f3 a6 6. c4 e6 7. Nc3 b6 8. Be3
Bb7 9. Qd2 Nbd7 10. Be2 Qc7 11. O-O Be7 12. Rfc1 O-O 13. a4 Rac8 14. a5 Qb8 15.
axb6 Nxb6 16. Nxe6 fxe6 17. Bxb6 Bxe4 18. Qe3 Ba8 19. Qxe6+ Kh8 20. Rxa6 Rce8
21. Qe3 Nd7 22. Bd4 Bf6 23. Qd2 Nc5 24. Bxc5 dxc5 25. Nb5 Qe5 26. Rc2 Bg5 27.
Qc3 Be3+ 28. Kh1 Qg5 29. Nc7 Bxf3 30. Bxf3 Rxf3 31. Qe1 Qh4 32. Re2 Ref8 33.
gxf3 1-0

[Event "Kieler Open 2021"]
[Site "?"]
[Date "2021.07.27"]
[Round "6.10"]
[White "Lu, Siyuan"]
[Black "Schalla, Dieter"]
[Result "0-1"]
[WhiteElo "1876"]
[BlackElo "2043"]
[Annotator "HAD"]
[PlyCount "50"]

1. e4 c5 2. c3 Nf6 3. e5 Nd5 4. d4 cxd4 5. Nf3 Nc6 6. cxd4 e6 7. Nc3 Nxc3 8.
bxc3 d6 9. Be3 Qa5 10. Qb3 Be7 11. Be2 O-O 12. exd6 Bxd6 13. O-O Qc7 14. h3 b6
15. Rac1 Na5 16. Qc2 Nc4 17. Nd2 Ba6 18. Nxc4 Bxc4 19. Bxc4 Qxc4 20. Qb3 Rac8
21. Rfd1 Rc7 22. Re1 Rfc8 23. Bd2 Qa6 24. Ra1 Qd3 25. Re3 Qxd2 0-1

[Event "Kieler Open 2021"]
[Site "?"]
[Date "2021.07.27"]
[Round "6.11"]
[White "Basey, Matthew"]
[Black "Hentrop, Malte"]
[Result "1-0"]
[WhiteElo "1922"]
[BlackElo "1805"]
[Annotator "HAD"]
[PlyCount "34"]

1. d4 d5 2. Nf3 Nf6 3. c4 c6 4. cxd5 cxd5 5. Nc3 e6 6. Bf4 Bd6 7. Bxd6 Qxd6 8.
e3 a6 9. Bd3 O-O 10. Ne5 Nc6 11. f4 b5 12. Rc1 Bb7 13. O-O Nb4 14. Bb1 Ne4 15.
a3 Nxc3 16. Rxc3 Nc6 17. Nxc6 f5 1-0

[Event "Kieler Open 2021"]
[Site "?"]
[Date "2021.07.27"]
[Round "6.12"]
[White "Gut, Lionel"]
[Black "Peglau, Mirjam"]
[Result "1/2-1/2"]
[WhiteElo "1767"]
[BlackElo "1906"]
[Annotator "HAD"]
[PlyCount "83"]

1. d4 d5 2. c4 e6 3. Nc3 Nf6 4. cxd5 exd5 5. Bg5 c6 6. e3 Be7 7. Bd3 Nbd7 8.
Nge2 Nf8 9. O-O Ne6 10. Bh4 O-O 11. Qc2 g6 12. a3 Ng7 13. b4 Bf5 14. Ng3 Bxd3
15. Qxd3 Ng4 16. Bxe7 Qxe7 17. b5 Rae8 18. bxc6 bxc6 19. h3 Nh6 20. Nce2 Qg5
21. Rfc1 Re6 22. Nf4 Rf6 23. Rab1 Ne6 24. Nxe6 fxe6 25. Rf1 Nf5 26. Nxf5 gxf5
27. f4 Qh4 28. Qe2 Rg6 29. Rf3 Qe7 30. Qb2 Rg7 31. Rc1 Qd6 32. Qb4 Qxb4 33.
axb4 Rc7 34. Rf2 Rb8 35. Rfc2 Rxb4 36. Rxc6 Re7 37. Ra6 Kf7 38. Rca1 Rbb7 39.
g4 Kf6 40. g5+ Kg6 41. Kf2 Kh5 42. R1a3 1/2-1/2

[Event "Kieler Open 2021"]
[Site "?"]
[Date "2021.07.27"]
[Round "6.13"]
[White "Kosanke, Stefan"]
[Black "Rohmann, Volker"]
[Result "1/2-1/2"]
[WhiteElo "2033"]
[BlackElo "1766"]
[Annotator "HAD"]
[PlyCount "98"]

1. d4 d5 2. Nf3 Nf6 3. g3 c6 4. Bg2 Bf5 5. O-O e6 6. Re1 Be7 7. c4 Bxb1 8. Rxb1
O-O 9. b3 Nbd7 10. Bf4 Ne4 11. Qd3 Bb4 12. Bd2 Nxd2 13. Nxd2 Bxd2 14. Qxd2 Nf6
15. h3 Qd7 16. Qb2 Rfd8 17. e3 h6 18. c5 b5 19. cxb6 axb6 20. Rbc1 Rdc8 21. Rc2
Rc7 22. Rec1 Qd6 23. a4 Kf8 24. Rc3 Ke7 25. Qe2 Rac8 26. Qd3 c5 27. Qc2 Kd8 28.
e4 cxd4 29. Rxc7 Qxc7 30. Qxc7+ Rxc7 31. Rxc7 Kxc7 32. exd5 exd5 33. Kf1 Kd6
34. b4 Ne4 35. Ke1 Nc3 36. a5 bxa5 37. bxa5 Kc5 38. Bf1 Ne4 39. g4 g5 40. f3
Nd6 41. Ke2 f5 42. a6 Kb6 43. Kd3 fxg4 44. Kxd4 gxf3 45. Kxd5 Nf5 46. Ke5 Ne3
47. Bd3 g4 48. hxg4 Nxg4+ 49. Kf4 Nf6 1/2-1/2

[Event "Kieler Open 2021"]
[Site "?"]
[Date "2021.07.27"]
[Round "6.14"]
[White "Scheid, Lennart"]
[Black "Garbuszus, Jürgen"]
[Result "0-1"]
[WhiteElo "1647"]
[BlackElo "2025"]
[Annotator "HAD"]
[PlyCount "72"]

1. d4 f5 2. e4 fxe4 3. Nc3 Nf6 4. Bg5 Nc6 5. d5 Ne5 6. Qe2 Nf7 7. Bxf6 exf6 8.
Qxe4+ Qe7 9. Bd3 g6 10. Nf3 Qxe4+ 11. Nxe4 Bg7 12. O-O-O O-O 13. g4 d6 14. h3
Ne5 15. Nxe5 fxe5 16. Rdg1 Bd7 17. h4 Rf4 18. h5 Rxg4 19. Rxg4 Bxg4 20. hxg6 h5
21. Kd2 Rf8 22. Ke1 Rf4 23. Ng3 Bf3 24. Rh2 e4 25. Be2 h4 26. Nf1 Bxb2 27. Nd2
Bc3 28. Kd1 Bxe2+ 29. Kxe2 Bxd2 30. Kxd2 Kg7 31. Rh3 Kxg6 32. Rc3 Rxf2+ 33. Ke1
Rf7 34. Ra3 Rf3 35. Rxa7 h3 36. Rxb7 h2 0-1

[Event "Kieler Open 2021"]
[Site "?"]
[Date "2021.07.27"]
[Round "6.15"]
[White "Meyer, Jürgen"]
[Black "Gut, Raphael"]
[Result "0-1"]
[WhiteElo "2011"]
[BlackElo "1736"]
[Annotator "HAD"]
[PlyCount "66"]

1. e4 c5 2. Nf3 e6 3. c4 a6 4. a3 Qc7 5. Nc3 d6 6. d4 cxd4 7. Nxd4 Nf6 8. Be3
Be7 9. Be2 b6 10. O-O O-O 11. Rc1 Bb7 12. f3 Nbd7 13. Qd2 Rac8 14. Rfd1 Rfe8
15. b4 Qb8 16. Nb3 Bd8 17. Bf1 Bc7 18. g3 Ne5 19. Qf2 Nh5 20. Be2 Nf6 21. Bxb6
Bxb6 22. Qxb6 Rc6 23. Qd4 Rd8 24. Na5 Rcc8 25. Nxb7 Qxb7 26. b5 Rxc4 27. Bxc4
Nxf3+ 28. Kf2 Nxd4 29. Rxd4 Qa7 30. Ke3 e5 31. Rcd1 exd4+ 32. Rxd4 Ng4+ 33. Kd3
Ne5+ 0-1

[Event "Kieler Open 2021"]
[Site "?"]
[Date "2021.07.27"]
[Round "6.16"]
[White "Quiring, Nikolai"]
[Black "Bräutigam, Katerina"]
[Result "0-1"]
[WhiteElo "2005"]
[BlackElo "1738"]
[Annotator "HAD"]
[PlyCount "72"]

1. d4 Nf6 2. c4 g6 3. f3 Bg7 4. e4 d6 5. Nc3 O-O 6. Be3 a6 7. Qd2 Nbd7 8. Nh3
c5 9. d5 b5 10. cxb5 axb5 11. Bxb5 Qa5 12. Bh6 Bxh6 13. Qxh6 Rb8 14. Bxd7 Bxd7
15. Qd2 Bxh3 16. gxh3 Qb4 17. Nd1 Nd7 18. Qxb4 Rxb4 19. O-O Ra8 20. a3 Rb3 21.
Kg2 Ne5 22. Rf2 Nd3 23. Rd2 Ne1+ 24. Kf1 Nxf3 25. Rc2 Ng5 26. Rc3 Nxe4 27. Rxb3
Nd2+ 28. Ke2 Nxb3 29. Rb1 Ra4 30. Nc3 Rh4 31. a4 Rxh3 32. Ra1 Nxa1 33. a5 Rxh2+
34. Kd3 Rxb2 35. Kc4 Rb4+ 36. Kd3 c4+ 0-1

[Event "Kieler Open 2021"]
[Site "?"]
[Date "2021.07.27"]
[Round "6.17"]
[White "Krieglstein, Marcel"]
[Black "Maas, Kolja"]
[Result "1/2-1/2"]
[WhiteElo "1962"]
[BlackElo "1559"]
[Annotator "HAD"]
[PlyCount "67"]

1. d4 Nf6 2. c4 d6 3. Nc3 Nbd7 4. e4 e5 5. d5 Nc5 6. f3 c6 7. dxc6 bxc6 8. b4
Ne6 9. Be3 d5 10. cxd5 Bxb4 11. Bd2 Bxc3 12. Bxc3 cxd5 13. exd5 Qxd5 14. Qxd5
Nxd5 15. Bxe5 f6 16. Bg3 Kf7 17. Kf2 h5 18. h4 Rd8 19. Bc4 Nc3 20. Ne2 Nxe2 21.
Kxe2 Rd4 22. Rac1 Rxc4 23. Rxc4 Ba6 24. Rhc1 Nd4+ 25. Kf2 Bxc4 26. Rxc4 Nf5 27.
Rc5 Ke6 28. Rc7 a5 29. Bf4 Nxh4 30. Rxg7 Rc8 31. Rc7 Rxc7 32. Bxc7 a4 33. a3
Nf5 34. Bb6 1/2-1/2

[Event "Kieler Open 2021"]
[Site "?"]
[Date "2021.07.27"]
[Round "6.18"]
[White "Karheily, Somar"]
[Black "Hufendiek, Ekkehard"]
[Result "0-1"]
[WhiteElo "1725"]
[BlackElo "1954"]
[Annotator "HAD"]
[PlyCount "146"]

1. d4 Nf6 2. Bf4 e6 3. e3 c5 4. c3 b6 5. Nf3 Bb7 6. Nbd2 Nh5 7. Bg5 Be7 8. Bxe7
Qxe7 9. Bd3 f5 10. Qc2 Nf6 11. e4 fxe4 12. Nxe4 Nxe4 13. Bxe4 Bxe4 14. Qxe4 Nc6
15. Ne5 Rc8 16. Nxc6 Rxc6 17. O-O-O O-O 18. d5 Qg5+ 19. f4 Rxf4 20. Qe3 exd5
21. h4 Qh6 22. g4 d4 23. g5 dxe3 24. gxh6 e2 25. Rde1 Re4 26. hxg7 Kxg7 27. Rh2
Rce6 28. Kd2 d5 29. Rg2+ Kf7 30. Rf2+ Ke7 31. Rg2 Kd6 32. h5 R4e5 33. Rg7 Re7
34. h6 Rxg7 35. hxg7 Rg5 36. Rxe2 Rxg7 37. Rh2 Re7 38. a4 c4 39. a5 Kc5 40. Rh6
bxa5 41. Ra6 a4 42. Ra5+ Kd6 43. Rxa4 Ke5 44. Ke3 h5 45. Ra5 h4 46. Kf3 Rb7 47.
Ra2 a5 48. Kg4 Rh7 49. Kh3 Ra7 50. Kxh4 Kf4 51. Kh5 a4 52. Kg6 Ra6+ 53. Kf7 Ke5
54. Ke7 Ra7+ 55. Kd8 Kd6 56. Kc8 Kc6 57. Kb8 Kb6 58. Kc8 Kb5 59. Kb8 Rh7 60.
Ra1 Rh2 61. Ra2 a3 62. Rxa3 Rxb2 63. Kc7 Rb3 64. Ra8 Rxc3 65. Kd6 Rd3 66. Rb8+
Ka4 67. Kc5 c3 68. Ra8+ Kb3 69. Rb8+ Kc2 70. Kb4 Kc1 71. Kb3 c2+ 72. Ka2 Kd1
73. Rh8 Ra3+ 0-1

[Event "Kieler Open 2021"]
[Site "?"]
[Date "2021.07.27"]
[Round "6.19"]
[White "Heutling, Elina"]
[Black "Jarosch, Wolfram"]
[Result "1-0"]
[WhiteElo "1919"]
[BlackElo "1731"]
[Annotator "HAD"]
[PlyCount "75"]

1. e4 e5 2. Nf3 Nc6 3. d4 exd4 4. Bc4 Bb4+ 5. c3 dxc3 6. bxc3 Ba5 7. Qd5 Qe7 8.
O-O Nf6 9. Qg5 O-O 10. e5 Ne4 11. Qf4 Nxc3 12. Ba3 d6 13. exd6 Ne2+ 14. Bxe2
Qxe2 15. dxc7 Re8 16. Nbd2 Be6 17. Bd6 Rac8 18. Nb3 Bb6 19. Nc5 Bxa2 20. Nxb7
Bd5 21. Rae1 Qb2 22. Rxe8+ Rxe8 23. Nc5 Qb4 24. Qxb4 Nxb4 25. Re1 Rc8 26. Nd7
Ba5 27. Rb1 Be6 28. Bxb4 Bxb4 29. Rxb4 Bxd7 30. Rb7 a5 31. Ne5 Be6 32. Nc6 Kf8
33. Na7 Re8 34. Rb8 a4 35. Nc6 a3 36. Nd8 a2 37. Nxe6+ fxe6 38. Rxe8+ 1-0

[Event "Kieler Open 2021"]
[Site "?"]
[Date "2021.07.27"]
[Round "6.20"]
[White "Peglau, Sarah"]
[Black "Bräutigam, Alexander"]
[Result "0-1"]
[WhiteElo "1888"]
[BlackElo "1555"]
[Annotator "HAD"]
[PlyCount "104"]

1. d4 Nf6 2. c4 e6 3. Nf3 b6 4. Bg5 Be7 5. Nc3 Bb7 6. Qc2 O-O 7. e4 d5 8. e5
Nfd7 9. Bxe7 Qxe7 10. Bd3 h6 11. cxd5 exd5 12. O-O Rd8 13. Rac1 c5 14. Nb5 c4
15. Bh7+ Kh8 16. Nc7 Nf8 17. Nxa8 Nxh7 18. Nxb6 axb6 19. b3 Ba6 20. Rfd1 Nc6
21. Qb2 Rb8 22. a4 Na5 23. Nd2 Qb4 24. Qc3 Qxc3 25. Rxc3 cxb3 26. Nxb3 Nc4 27.
Nd2 Ng5 28. Nxc4 Bxc4 29. f3 Ne6 30. Kf2 Ra8 31. Ra3 b5 32. a5 b4 33. Raa1 Nc7
34. Rdb1 b3 35. Ke3 Nb5 36. f4 Nc3 37. Rb2 Na2 38. f5 Rxa5 39. Kf4 Ra6 40. Re1
Nb4 41. Re3 Nd3+ 42. Rxd3 Bxd3 43. Rxb3 Be4 44. Rb7 g5+ 45. Kg4 Kg8 46. Rb8+
Kg7 47. Rb7 Ra2 48. g3 Rf2 49. h4 Bxf5+ 50. Kh5 Bg6+ 51. Kg4 h5+ 52. Kxg5 Rf5#
0-1

[Event "Kieler Open 2021"]
[Site "?"]
[Date "2021.07.27"]
[Round "6.21"]
[White "Peglau, Markus,Dr."]
[Black "Malinowsky, Lars"]
[Result "1-0"]
[WhiteElo "1836"]
[BlackElo "1969"]
[Annotator "HAD"]
[PlyCount "53"]

1. Nf3 Nc6 2. d4 d5 3. Bf4 Nf6 4. e3 Bf5 5. Bd3 Bxd3 6. Qxd3 e6 7. Qb5 Rb8 8.
Ne5 a6 9. Qa4 Nd7 10. Nxc6 bxc6 11. Qxa6 Rxb2 12. Qxc6 Bb4+ 13. c3 Ba5 14. O-O
O-O 15. Na3 Nb8 16. Qa4 Bxc3 17. Rac1 Rb4 18. Qa8 g5 19. Bg3 Bb2 20. Rxc7 f5
21. Be5 Bxa3 22. Rg7+ Kh8 23. Rd7+ Qf6 24. Qxa3 Nxd7 25. Bxf6+ Nxf6 26. Qxb4
Ne4 27. Qxf8# 1-0

[Event "Kieler Open 2021"]
[Site "?"]
[Date "2021.07.27"]
[Round "6.22"]
[White "Lu, Yunong Elias"]
[Black "Peglau, Charis"]
[Result "0-1"]
[WhiteElo "1557"]
[BlackElo "1827"]
[Annotator "HAD"]
[PlyCount "130"]

1. e4 c6 2. Nc3 d5 3. Nf3 dxe4 4. Nxe4 Bf5 5. Ng3 Bg6 6. h4 h6 7. Ne5 Qd6 8.
Nxg6 Qxg6 9. d4 Nd7 10. Bd3 Qd6 11. c3 Ngf6 12. Qe2 O-O-O 13. Nf5 Qc7 14. g3 e5
15. dxe5 Nxe5 16. Bc2 g6 17. Bf4 Re8 18. Ne3 Qa5 19. O-O Bd6 20. Nc4 Nxc4 21.
Qxc4 Bxf4 22. Qxf4 Qe5 23. Qxe5 Rxe5 24. Rfe1 Rhe8 25. Rxe5 Rxe5 26. Kf1 Kd7
27. Bb3 Nd5 28. Rd1 Ke7 29. Rd4 f5 30. Bxd5 cxd5 31. Ra4 a6 32. Rb4 b5 33. f3
Kd6 34. a4 Kc5 35. axb5 axb5 36. Kf2 Re6 37. Rf4 Ra6 38. b4+ Kd6 39. h5 Ke5 40.
hxg6 Rxg6 41. Rd4 Rc6 42. f4+ Ke6 43. Rd3 Rc4 44. Kf3 d4 45. cxd4 Rxb4 46. g4
fxg4+ 47. Kxg4 Ra4 48. Kh5 Kf5 49. Kxh6 Kxf4 50. d5 Ra6+ 51. d6 Ke5 52. Kg5
Rxd6 53. Rb3 Rb6 54. Rb4 Kd5 55. Kf4 Kc5 56. Rb1 Kd4 57. Rd1+ Kc3 58. Ke4 b4
59. Kd5 b3 60. Kc5 Rb8 61. Rh1 b2 62. Rh3+ Kc2 63. Rh2+ Kb3 64. Rh3+ Ka2 65.
Rh2 Ka1 0-1

[Event "Kieler Open 2021"]
[Site "?"]
[Date "2021.07.27"]
[Round "6.23"]
[White "Sturm, Simon"]
[Black "Nittel, Christian"]
[Result "1/2-1/2"]
[WhiteElo "1533"]
[BlackElo "1795"]
[Annotator "HAD"]
[PlyCount "57"]

1. e4 c6 2. d4 d5 3. e5 Bf5 4. Nf3 e6 5. Be3 Qb6 6. b3 a6 7. Be2 c5 8. Nbd2 Nc6
9. c3 Be7 10. O-O h6 11. Re1 g5 12. h3 g4 13. hxg4 Bxg4 14. Nf1 cxd4 15. Nxd4
Bxe2 16. Qxe2 Bc5 17. Nxc6 bxc6 18. b4 Bxe3 19. Nxe3 Ne7 20. Ng4 O-O-O 21. a4
Ng6 22. Reb1 h5 23. Nf6 h4 24. b5 a5 25. bxc6 Qxc6 26. Qb2 Kc7 27. Qe2 Rb8 28.
Qe3 Rb6 29. Rb5 1/2-1/2